| 000 | 00524nam a2200169 a 4500 | ||
|---|---|---|---|
| 005 | 20140310183153.0 | ||
| 008 | 021014s19uu xx 00 eng d | ||
| 050 |
_aQR 67 _b.D45 1997 |
||
| 100 | _aDelost, Maria Danessa | ||
| 245 |
_aIntroduction to diagnostic Microbiology : _ba text and workbook / _cMaria Danessa Delost. |
||
| 260 |
_aSt. Louis : _bMosby, _c1997. |
||
| 300 |
_axvi, 552 p. : _bill. (some col.) ; _c28 cm. |
||
| 521 | _aNUR | ||
| 650 | _aDiagnostic microbiology | ||
| 942 |
_cBK _2lcc _kFOR |
||
| 999 |
_c19699 _d19699 |
||